Представление документа в формате RUSMARC

ПолеНазваниеЗначение
  Тип записи i
  Библиографический уровень m
001 Контрольный номер RU/IS/BASE/530277482
005 Дата корректировки 20201206205022.8
010 Индекс ISBN __
d Цена 208-75
100 Данные общей обработки __
a Данные общей обработки 19161020d2010||||||| 0rusy0189 ca
101 Язык документа 1_
a Язык текста rus
c Язык оригинала nnn
102 Страна публикации __
a Страна публикации ru
105 Кодированные данные (монография) __
a Кодированные данные (монография) nnz||||||f|zy
127 Кодированные данные (звукозаписи-физические характеристики) __
a Продолжительность проигрывания 22 ч 09 мин
200 Заглавие и сведения об ответственности 1_
a Заглавие Собор Парижской Богоматери
e Сведения, относящиеся к заглавию [аудиокнига : роман : 12+]
f Первые сведения об ответственности Виктор Гюго ; читает Вячеслав Герасимов ; [перевод Н. Коган]
b Общее обозначение материала Звукозапись
210 Выходные данные __
a Место издания Москва
c Издательство АРДИС
d Дата издания 2010
215 Физическое описание __
a Объем 2 электрон. опт. диска (Audio CD)
c Иллюстрации/тип воспроизводства mp3, mono
d Формат 12х14 см
225 Серия __
a Серия XIX век. Зарубежная проза
230 Специфическая характеристика материала: электронные ресурсы __
a Обозначение и объем ресурса Электронные звуковые данные
300 Общие примечания __
a Общие примечания Заглавие с этикетки диска
323 Примечание о главных создателях, исполнителях, участниках __
a Примечание о главных создателях, исполнителях, участниках Герасимов В. (читает)
330 Аннотация __
a Аннотация Роман "Собор Парижской Богоматери" живописует Париж XV века и великое творение готики, на фоне которого разворачивается любовная драма между красавицей цыганкой Эсмеральдой и звонарем собора - горбуном Квазимодо. Любовь преобразила внешне уродливого Квазимодо. Он обрел смелость, чтобы спасти от смерти свою любимую...
333 Примечание о целевом назначении __
a Примечание о целевом назначении 12+. Для детей старше 12 лет
337 Примечание о системных требованиях (электронные ресурсы) __
a Примечание о системных требованиях (электронные ресурсы) Системные требования: CD-плеер с поддержкой MP3, или Pentium-233 c Windows 9x-XP ; CD-ROM ; звуковая карта
606 Тематические рубрики __
a Основная рубрика Художественная литература
606 Тематические рубрики __
a Основная рубрика Литература Европы (произведения)
y Географическая подрубрика Франция
610 Ключевые слова __
a Ключевые слова готические романы
a Ключевые слова зарубежная литература
a Ключевые слова иностранная литература
a Ключевые слова романтические драмы
a Ключевые слова романы
a Ключевые слова тема гуманизма
a Ключевые слова тема добра
a Ключевые слова тема зла
a Ключевые слова тема красоты
a Ключевые слова тема любви
a Ключевые слова тема милосердия
a Ключевые слова тема нетерпимости
a Ключевые слова тема отверженных
a Ключевые слова тема Средневековья
a Ключевые слова тема страданий
a Ключевые слова французская литература
686 Индексы других классификаций __
2 Код системы rubbks
a Классификационный индекс 84(4Фра)52-4я04
700 Автор _1
a Фамилия Гюго
b Имя В.
f Даты 1802-1885
g Полное личное имя Виктор
4 Код отношения 070
702 Вторичная интеллектуальная ответственность _1
a Фамилия Коган
b Имя Н.
4 Код отношения Переводчик
4 Код отношения 730
801 Источник записи _0
a Страна ru
b Организация Муниципальное бюджетное учреждение культуры "Централизованная библиотечная система" г. Сургут (Центральная городская библиотека им. А. С. Пушкина)
c Дата составления 20161020
g Правила каталогизации КиК/Апакова
801 Источник записи _1
a Страна ru
b Организация Муниципальное бюджетное учреждение культуры "Централизованная библиотечная система" г. Сургут (Центральная городская библиотека им. А. С. Пушкина)
c Дата составления 20161020
g Правила каталогизации КиК/Апакова
852 Данные о местонахождении __
j Шифр хранения 84(4Фра)52-4я04
i Авторский знак Г 99
901 Тип документа 1_
t Тип документа 0
903 Характеристики (МАРС) __
a Дата передачи 20161020
969 Тип издания __
a Тип издания аудиокнига; издание для слепых
990 Данные о заказе (DOS) __
j Количество экземпляров (DOS) 2
t N записи в КСУ для И/У (DOS) 201610